Nuevas tendencias del derecho probatorio / (Registro nro. 30705)
[ vista simple ]
| 000 -LEADER | |
|---|---|
| fixed length control field | 02618nam a2200277Ia 4500 |
| 003 - CONTROL NUMBER IDENTIFIER | |
| control field | CO-CtgCURN |
| 005 - DATE AND TIME OF LATEST TRANSACTION | |
| control field | 20250410211458.0 |
| 008 - FIXED-LENGTH DATA ELEMENTS--GENERAL INFORMATION | |
| fixed length control field | 200306s2015 xx f 000 0 spa d |
| 020 ## - INTERNATIONAL STANDARD BOOK NUMBER | |
| International Standard Book Number | 9789587741841 |
| 040 ## - CATALOGING SOURCE | |
| Original cataloging agency | CO-CtgCURN |
| Language of cataloging | spa |
| Transcribing agency | coctgcurn |
| 082 ## - DEWEY DECIMAL CLASSIFICATION NUMBER | |
| Classification number | 347.06 |
| Item number | N964 |
| 245 #0 - TITLE STATEMENT | |
| Title | Nuevas tendencias del derecho probatorio / |
| Statement of responsibility, etc. | coordinación; Horacio Cruz Tejada |
| 260 ## - PUBLICATION, DISTRIBUTION, ETC. | |
| Place of publication, distribution, etc. | Bogotá, Colombia : |
| Name of publisher, distributor, etc. | Universidad de los Andes, |
| Date of publication, distribution, etc. | 2015 |
| 300 ## - PHYSICAL DESCRIPTION | |
| Extent | 211 páginas ; |
| Dimensions | 23 centímetros |
| 504 ## - BIBLIOGRAPHY, ETC. NOTE | |
| Bibliography, etc. note | Incluye referencias bibliográficas |
| 505 ## - FORMATTED CONTENTS NOTE | |
| Formatted contents note | El manejo de la prueba en el derecho penal internacional -- La prueba en el derecho penal internacional desde la perspectiva nacional -- La prueba y su motivación consideraciones sobre prueba y motivación -- Apuntes sobre el concepto de motivación de las decisiones judiciales -- La motivación de la prueba -- La motivación de la prueba -- El manejo judicial de la prueba indiciaria -- Razonamiento judicial fundado en el precedente precedente y jurisprudencia -- La prueba es libertad, pero no tanto: teoría de la prueba cuasibenthamiana -- La forma de argumentación jurídica de las resoluciones judiciales que estudian el desistimiento judicial español -- La prueba del documento electrónico en el proceso civil -- Algunos sucedáneos de la prueba la función probatoria de las presunciones legales en el proceso civil colombiano |
| 520 ## - SUMMARY, ETC. | |
| Summary, etc. | Esta segunda edición revisada y ampliada de Nuevas tendencias del derecho probatorio reúne estudios de autores nacionales y extranjeros sobre diferentes temas del derecho probatorio e incluye dos artículos nuevos con respecto a la primera edición. Todos los textos han sido escritos con un lenguaje sencillo pero sin perder profundidad y rigurosidad en el trabajo investigativo. El manejo de la prueba en el derecho penal internacional, la motivación de la prueba, el manejo judicial de la prueba indiciaria, el razonamiento judicial fundado en el precedente, la prueba del documento electrónico en el proceso civil y algunos sucedáneos de la prueba constituyen los ejes temáticos de este libro, lo que sin duda lo hace de consulta obligatoria para los estudiosos del derecho procesal y probatorio. |
| 521 ## - TARGET AUDIENCE NOTE | |
| Target audience note | AREA PROFESIONAL |
| 590 ## - LOCAL NOTE (RLIN) | |
| Local note | Programa de Derecho_18 |
| 650 ## - SUBJECT ADDED ENTRY--TOPICAL TERM | |
| Topical term or geographic name entry element | Derecho probatorio |
| 9 (RLIN) | 3441 |
| 650 ## - SUBJECT ADDED ENTRY--TOPICAL TERM | |
| Topical term or geographic name entry element | Evidencia (Derecho) |
| 9 (RLIN) | 3442 |
| 700 ## - ADDED ENTRY--PERSONAL NAME | |
| Personal name | Cruz Tejada, Horacio |
| Relator term | coordinador |
| 9 (RLIN) | 3443 |
| 942 ## - ADDED ENTRY ELEMENTS (KOHA) | |
| Koha item type | Libros |
| Classification part | 347.06 |
| Item part | N964 |
| Source of classification or shelving scheme | Dewey Decimal Classification |
| Suppress in OPAC | No |
| Withdrawn status | Lost status | Source of classification or shelving scheme | Damaged status | Not for loan | Collection | Home library | Current library | Shelving location | Date acquired | Source of acquisition | Inventory number | Total checkouts | Full call number | Barcode | Date last seen | Copy number | Price effective from | Koha item type | Public note | Date last checked out |
|---|---|---|---|---|---|---|---|---|---|---|---|---|---|---|---|---|---|---|---|---|
| Dewey Decimal Classification | Miguel Henríquez Castañeda Barranquilla | Miguel Henríquez Castañeda Barranquilla | General | 03/06/2020 | Compra OC-09-043-19 | 04884 | 347.06 N964 | 04884 | 03/06/2020 | ej.1 | 03/06/2020 | Libros | Compra OC-09-043-19 IIP 2019 | |||||||
| Dewey Decimal Classification | Miguel Henríquez Castañeda Barranquilla | Miguel Henríquez Castañeda Barranquilla | General | 03/06/2020 | Compra OC-09-043-19 | 04885 | 2 | 347.06 N964 | 04885 | 10/03/2024 | ej.2 | 03/06/2020 | Libros | Compra OC-09-043-19 IIP 2019 | 10/03/2024 |